000 00786nam a2200229 i 4500
001 18316
003 ES-MaACL
005 20230906151818.0
007 t|
008 011010s1999 sp ||||1| spa d
020 _a84-930708-3-1
080 _a1 Nietsche, Friedrich
100 1 _aNietzsche, Friedrich,
_d1844-1900
_985718
245 1 0 _aCinco prólogos para cinco libros no escritos /
_cFriedich Nietzsche ; traducción de Alejandro del Río Herrmann ; con un ensayo de Isidro Herrera.
260 _aMadrid :
_bArena Libros,
_c[1999]
300 _a117 p. ;
_c21 cm.
600 1 4 _aNietzsche, Friedrich,
_d1844-1900
_985718
700 1 _aRío Herrmann, Alejandro del.
_997325
700 1 _aHerrera, Isidro.
_963198
852 _aES-MaACL
_jL-24998
_bR.130337
999 _c18316
_d18316